|
|
|
|
| LEADER |
00000ny a22000003n 4500 |
| 005 |
20110609125154.0 |
| 008 |
100514s2007 it 000 0 ita d |
| 035 |
|
|
|a 4918
|
| 040 |
|
|
|a BUS
|d vLex
|
| 090 |
|
|
|c 611
|d 611
|
| 100 |
1 |
|
|a Vinci, Stefano
|
| 245 |
1 |
0 |
|a Genuzio Bentini :
|b La deontologia dell'avvocato penalista
|h [Recurso electrn̤ico]
|c Stefano Vinci
|
| 256 |
|
|
|a Servicio en ln̕ea
|
| 260 |
|
|
|a Italia :
|b Fondazione Scuola Forense,
|c 2007
|
| 506 |
1 |
|
|a Contenido solo disponible en los productos indicados
|d vLex Global
|d vLex Global (Academic Edition, excluding Law Schools)
|d vLex Global (U.S. Academic Edition, Law Schools)
|d vLex Global (U.S. Academic Edition, excluding Law Schools)
|d vLex Global (Academic Edition, Law Schools)
|
| 650 |
0 |
7 |
|a Abogados
|2 Tesauro vLex
|
| 650 |
0 |
7 |
|a Deber
|2 Tesauro vLex
|
| 740 |
0 |
|
|a vLex Libros (Servicios en ln̕ea)
|
| 856 |
4 |
0 |
|z Acceso restringido
|u http://vlex.com/source/genuzio-bentini-deontologia-avvocato-penalista-4918
|
| 942 |
|
|
|c BOOK
|
| 999 |
0 |
|
|a Lawyers
|b Italy
|